Poverty reduction and growth (Registro nro. 3942)
[ vista simple ]
| 000 -LEADER | |
|---|---|
| fixed length control field | 01376 a2200277 4500 |
| 001 - CONTROL NUMBER | |
| control field | 45489 |
| 005 - DATE AND TIME OF LATEST TRANSACTION | |
| control field | 20260407155727.0 |
| 008 - FIXED-LENGTH DATA ELEMENTS--GENERAL INFORMATION | |
| fixed length control field | 260407a2006 arg spa d |
| 003 - CONTROL NUMBER IDENTIFIER | |
| control field | AR-UNSa-BCEJYS |
| 040 ## - CATALOGING SOURCE | |
| Original cataloging agency | AR-UNSa-BCEJYS |
| Language of cataloging | spa |
| Transcribing agency | AR-UNSa-BCEJYS |
| 080 ## - UNIVERSAL DECIMAL CLASSIFICATION NUMBER | |
| Universal Decimal Classification number | 338.124 |
| Common auxiliary subdivision | Retroceso de la actividad económica. Contracción económica (Pobreza...) |
| 020 ## - INTERNATIONAL STANDARD BOOK NUMBER | |
| International Standard Book Number | 978-0-8213-6511-3 |
| 041 ## - LANGUAGE CODE | |
| Language code of text/sound track or separate title | spa |
| 100 1# - MAIN ENTRY--PERSONAL NAME | |
| Personal name | Arias, Omar S. |
| 245 10 - TITLE STATEMENT | |
| Title | Poverty reduction and growth |
| Name of part/section of a work | virtuous and vicious circles |
| 264 #1 - PRODUCTION, PUBLICATION, DISTRIBUTION, MANUFACTURE, AND COPYRIGHT NOTICE | |
| Place of production, publication, distribution, manufacture | Washington : |
| Name of producer, publisher, distributor, manufacturer | The World Bank |
| Date of production, publication, distribution, manufacture, or copyright notice | 2006 |
| 300 ## - PHYSICAL DESCRIPTION | |
| Extent | xv, 221 p. |
| Dimensions | 28 cm. |
| 505 ## - FORMATTED CONTENTS NOTE | |
| Formatted contents note | 1. From Vicious to Virtuous Circles – 2. Dimensions of Well-Being, Channels to Growth – 3. How Did We? – 4. The Relative Roles of Growth and Inequality for Poverty Reduction – 5. Pro-Poor Growth in Latin América – 6. Does Poverty Matter for Growth? – 7. Subnational Dimensions of Growth and Poverty? – 8. Microdeterminants of Incomes : Labor Markets, Poverty, and Traps? – 9. Breking the Cycle of Underinvestment in Human Capital in Latin America. |
| 590 ## - LOCAL NOTE (RLIN) | |
| Local note | niveau_biblio:m niveau_hierar:0 |
| 700 1# - ADDED ENTRY--PERSONAL NAME | |
| Personal name | Perry, Guillermo E. |
| 700 1# - ADDED ENTRY--PERSONAL NAME | |
| Personal name | López, J. Humberto |
| 700 1# - ADDED ENTRY--PERSONAL NAME | |
| Personal name | Maloney, William F. |
| 700 1# - ADDED ENTRY--PERSONAL NAME | |
| Personal name | Servén, Luis |
| 856 41 - ELECTRONIC LOCATION AND ACCESS | |
| Uniform Resource Identifier | <a href="https://www.biblioeco.unsa.edu.ar/pmb/images/libros/L127122.jpg">https://www.biblioeco.unsa.edu.ar/pmb/images/libros/L127122.jpg</a> |
| Link text | Imagen de portada |
| Electronic format type | image/jpeg |
| 942 ## - ADDED ENTRY ELEMENTS (KOHA) | |
| Koha item type | |
| Withdrawn status | Lost status | Damaged status | Not for loan | Home library | Current library | Shelving location | Date acquired | Total checkouts | Full call number | Barcode | Date last seen | Price effective from | Koha item type |
|---|---|---|---|---|---|---|---|---|---|---|---|---|---|
| Biblioteca Prof. Eusebio Cleto del Rey | Biblioteca Prof. Eusebio Cleto del Rey | 07/04/2026 | 338.124 P879 | L127122 | 07/04/2026 | 07/04/2026 | Libro |